LEADER 00821nam0 2200277 450 001 000022484 005 20090203153753.0 010 $a88-386-6181-2 100 $a20090203d2005----km-y0itay50------ba 101 0 $aita 102 $aIT 105 $aa-------001yy 200 1 $aIntroduzione alle tecnologie Web$fVito Roberto ... [et al.] 210 $aMilano$cMcGraw-Hill$d2005 215 $aXXII, 427 p.$cill.$d24 cm 225 2 $aWorkbooks 410 0$12001$aWorkbooks 500 10$aIntroduzione alle tecnologie Web$959972 610 1 $aWorld Wide Web 676 $a004.678$v21$9INTERNET 702 1$aRoberto,$bVito 801 0$aIT$bUNIPARTHENOPE$c20090203$gRICA$2UNIMARC 912 $a000022484 951 $aP1 004-I/14$b41116$cPIST$d2008 996 $aIntroduzione alle tecnologie Web$959972 997 $aUNIPARTHENOPE